On a Plain - Nirvana (All lyrics) - Statistics

General Stats
  • This quiz has been taken 97 times
  • The average score is 177 of 252
Answer Stats
Hint Answer % Correct
I
98%
A
96%
On
93%
Plain
91%
Chorus | Chorus/Outro I'm
89%
So
88%
You
88%
Do?
84%
Verse 3 It
84%
Verse 2 My
84%
Then
84%
Can
82%
Go
82%
Know
82%
Better
80%
Complain
80%
It's
80%
Love
80%
Myself
80%
Should
80%
Than
80%
To
80%
What
80%
Got
79%
The
79%
Without
79%
Wrong
79%
Any
77%
Can't
77%
High
77%
This
77%
Words
77%
Off
75%
Start
75%
'Til
73%
Verse 1 I'll
71%
Bled
70%
Ever
70%
That
70%
Scratched
68%
Me
63%
Say
63%
Say?
63%
Day
59%
Had
59%
Mother
59%
Cry
57%
Died
57%
Every
57%
I've
57%
Night
57%
Was
57%
When
57%
Learned
55%
Finest
54%
Black
50%
Command
50%
Safe
50%
Am
48%
Quote
48%
Again
46%
And
46%
Before
46%
Don't
46%
Heard
46%
Hell
46%
Sheep
46%
Blackmailed
45%
Have
45%
Bridge Somewhere
45%
Tryin'
45%
In
43%
Is
41%
Memory
41%
(Ooh)
41%
(Ooh)x5
41%
Make
39%
Put
39%
Code
38%
Time
38%
Zip
36%
Dream
32%
Stored
32%
One
30%
Sense
30%
Now
29%
Done
27%
Forget
27%
Home
27%
More
27%
Write
27%
As
23%
Lines
23%
Spayed
23%
Special
23%
Defense
21%
Message
21%
Neutered
21%
Has
18%
Unclear
16%
No matching quizzes found
Score Distribution
Percent of People with Each Score
Percentile by Number Answered
Your Score History
You have not taken this quiz